000 00755nam a2200193Ia 4500
003 GCL
008 140319s9999 xx 000 0 ara d
040 _aGCL /
_cGCL
082 0 4 _a792.01
_bك ف
100 1 _aكورفان، ميشيل
245 1 0 _aفيليب مينيانا او الكلمةالمرئية /
_cكورفان، ميشيل
260 _aالقاهرة :
_bوزارة الثقافة - مهرجان القاهرة الدولى للمسرح التجريبى ،
_c2004
300 _a265 ص ؛
_c24 سم
650 0 4 _aالتذوق المسرحى
650 0 4 _aالمسرح - تاريخ ونقد
650 0 4 _aالمسرح - الجوانب السياسية
650 0 4 _aالمسرح - الجوانب الاجتماعية
942 _2ddc
_cBK
999 _c7178
_d7178